00665 2200241 4500001002100000005001500021035002500036090001800061245005800079260003900137300002400176007000300200008004100203040001700244082001400261084001600275100002600291650002000317850001200337546005200349990001100401990001100412YOGYA00000000002398320210831024412 a0010-081400000023701 aL 649.1 SUK s10aSerat panggulawentahing lare sawatawis /cMas Sukardi31aWeltevren :bAlbrecht & Co.,c1917 a19 halaman ;c23 cmta130803s1917 xx g | d aYOPDYOGbind04223a649.1 a649.1 SUK s0 aSukardi, Masepenulis 4aPengasuhan Anak aYOPDYOG aTeks ditulis dalam bahasa Jawabdan aksara Jawa a6312-A a6312-A